Computational fluid dynamics (Record no. 2125)

000 -LEADER
fixed length control field 00621nam a2200217 a 4500
001 - CONTROL NUMBER
control field 2125
003 - CONTROL NUMBER IDENTIFIER
control field BD-DhUET
008 - FIXED-LENGTH DATA ELEMENTS--GENERAL INFORMATION
fixed length control field 940517s1995 nyua b 001 0 eng
020 ## - INTERNATIONAL STANDARD BOOK NUMBER
International Standard Book Number 0071132104
040 ## - CATALOGING SOURCE
Original cataloging agency DLC
Transcribing agency DLC
Modifying agency BD-DhUET
082 00 - DEWEY DECIMAL CLASSIFICATION NUMBER
Classification number 532.050285
Item number AND/1995
100 ## - MAIN ENTRY--PERSONAL NAME
Personal name Anderson, John D.
245 10 - TITLE STATEMENT
Title Computational fluid dynamics
Remainder of title the basics with applications
250 ## - EDITION STATEMENT
Edition statement 1st ed.
260 ## - PUBLICATION, DISTRIBUTION, ETC. (IMPRINT)
Place of publication, distribution, etc. New York
Name of publisher, distributor, etc. McGraw-Hill
Date of publication, distribution, etc. 1995
300 ## - PHYSICAL DESCRIPTION
Extent xxiv, 547 p.
490 1# - SERIES STATEMENT
Series statement McGraw-Hill series in mechanical engineering
504 ## - BIBLIOGRAPHY, ETC. NOTE
Bibliography, etc Includes bibliographies
650 #0 - SUBJECT ADDED ENTRY--TOPICAL TERM
Topical term or geographic name as entry element Fluid dynamics-Data processing
942 ## - ADDED ENTRY ELEMENTS (KOHA)
Koha item type General Book
Holdings
Damaged status Koha item type Piece designation (barcode) Koha date last seen Koha out on loan Source of classification or shelving scheme Shelving location Copy number Sublocation or collection (holding branch) Withdrawn status Location (home branch) Date acquired Koha issues (times borrowed) Koha normalized classification for sorting Koha date last borrowed Koha full call number Price effective from Lost status Not for loan
 General Book1033572018-02-282019-02-28 Circulation section1Central Library, BUET Central Library, BUET2014-09-201532_000000000000000_050285AND12018-02-28532.050285/AND/19952014-09-20  
 General Book1033592023-08-26  Circulation section2Central Library, BUET Central Library, BUET2014-09-203532_000000000000000_050285AND12023-08-12532.050285/AND/19952014-09-20  
 General Book1033612015-07-29  Circulation section3Central Library, BUET Central Library, BUET2015-02-046532_050285000000000_AND_19952015-03-23532.050285/AND/19952015-02-04  
 Reading Item951992015-06-08  Reading section4Central Library, BUET Central Library, BUET2015-06-08 532_050285000000000_AND_1995 532.050285/AND/19952015-06-08  
 General Book1145922019-06-162020-06-15 Circulation section5Central Library, BUET Central Library, BUET2016-09-251532_050285000000000_AND_19952019-06-16532.050285/AND/19952016-09-25  
 General Book1145932016-09-25  Circulation section2Central Library, BUET Central Library, BUET2016-09-25 532_050285000000000_AND_1995 532.050285/AND/19952016-09-25  
 General Book1033602017-10-31  Circulation section6Central Library, BUET Central Library, BUET2007-05-07 532_050285000000000_AND_1995 532.050285/AND/19952017-10-31